Statistiken für Top-10-Singles von Ed Sheeran

Klicken Sie hier um das Quiz zu spielen!

Allgemein

  • Dieses Quiz wurde 182 mal gespielt
  • Das Durchschnittsergebnis liegt bei 6 aus 12

Antwortstatistiken

ErscheinungsjahrTitel% Korrekt
2017Shape Of You
94%
2017Perfect (inkl. Perfect Duet & Perfect Symphony)
84%
2017Galway Girl
60%
2017Castle On The Hill
59%
2011The A Team
58%
2014Thinking Out Loud
55%
2013I See Fire
53%
2015Photograph
51%
2014Sing
32%
2017River (feat. Eminem)
10%
2014All About It (feat. Hoodie Allen)
2%
2014Do They Know It’s Christmas? (Band Aid 30)
1%

Verteilung der Resultate

Perzentil nach korrekt beantworteten Fragen

Anzahl Personen mit jedem Resultat

Ihre Resultats-Entwicklung

Sie haben dieses Quiz noch nicht gespielt